Statistics for Clash Royale Cards

Click here to take the quiz!

General Stats

  • This quiz has been taken 3 times
  • The average score is 52 of 83

Answer Stats

Hint Answer % Correct
Training CampCommonArrows
100%
Spell ValleyLegendaryIce Wizard
100%
Barbarian BowlEpicRage
100%
P.E.K.K.A's PlayhouseCommonMinion Horde
100%
P.E.K.K.A's PlayhouseRareHog Rider
100%
P.E.K.K.A's PlayhouseEpicP.E.K.K.A
100%
P.E.K.K.A's PlayhouseLegendaryLava Hound
100%
Spell ValleyCommonFire Spirits
100%
Spell ValleyRareFurnace
100%
Training CampCommonBomber
100%
Builder's WorkshopLegendaryThe Log
100%
Barbarian BowlCommonBarbarians
100%
Builder's WorkshopLegendaryMiner
100%
Royal ArenaEpicDark Prince
100%
Royal ArenaLegendaryElectro Wizard
100%
Royal ArenaLegendaryPrincess
100%
Frozen PeakCommonIce Spirit
100%
Frozen PeakLegendaryLumberjack
100%
Jungle ArenaCommonGoblin Gang
100%
Hog MountainRareHeal
100%
Barbarian BowlRareBarbarian Hut
100%
Spell ValleyRareWizard
100%
Bone PitEpicGiant Skeleton
100%
Training CampRareFireball
100%
Goblin StadiumCommonGoblins
100%
Goblin StadiumRareGoblin Hut
100%
Training CampCommonKnight
100%
Training CampEpicSkeleton Army
100%
Goblin StadiumEpicLightning
100%
Training CampRareMini P.E.K.K.A
100%
Goblin StadiumEpicGoblin Barrel
100%
Training CampCommonArchers
100%
Bone PitCommonSkeletons
100%
Training CampRareGiant
100%
Bone PitCommonMinions
100%
Bone PitRareTombstone
100%
Training CampEpicPrince
100%
Goblin StadiumCommonSpear Goblins
100%
Training CampRareMusketeer
50%
Frozen PeakRareIce Golem
50%
Royal ArenaEpicGuards
50%
Royal ArenaRareMega Minion
50%
Jungle ArenaRareDart Goblin
50%
Frozen PeakEpicBowler
50%
Training CampEpicBaby Dragon
50%
Jungle ArenaEpicExecutioner
50%
Jungle ArenaLegendaryBandit
50%
Hog MountainEpicBarbarian Barrel
50%
Hog MountainEpicCannon Cart
50%
Hog MountainLegendaryMega Knight
50%
Hog MountainLegendaryRoyal Ghost
50%
Electro ValleyRareZappies
50%
Royal ArenaCommonElite Barbarians
50%
Training CampEpicWitch
50%
Builder's WorkshopLegendarySparky
50%
Spell ValleyEpicMirror
50%
Barbarian BowlCommonCannon
50%
Barbarian BowlRareRocket
50%
Barbarian BowlEpicX-Bow
50%
P.E.K.K.A's PlayhouseCommonTesla
50%
Goblin StadiumRareValkyrie
50%
Spell ValleyCommonZap
50%
Bone PitEpicBalloon
50%
Electro ValleyLegendaryMagic Archer
50%
Builder's WorkshopCommonMortar
50%
Builder's WorkshopCommonSkeleton Barrel
50%
P.E.K.K.A's PlayhouseEpicFreeze
0%
Royal ArenaCommonRoyal Giant
0%
Bone PitRareBomb Tower
0%
Builder's WorkshopEpicGolem
0%
Royal ArenaRareThree Musketeers
0%
Builder's WorkshopEpicTornado
0%
P.E.K.K.A's PlayhouseRareInferno Tower
0%
P.E.K.K.A's PlayhouseLegendaryInferno Dragon
0%
Jungle ArenaEpicHunter
0%
Spell ValleyLegendaryGraveyard
0%
Builder's WorkshopRareBattle Ram
0%
Jungle ArenaRareFlying Machine
0%
Builder's WorkshopRareElixir Collector
0%
Spell ValleyEpicPoison
0%
Frozen PeakCommonBats
0%
Frozen PeakEpicClone
0%
Frozen PeakLegendaryNight Witch
0%

Score Distribution

Percentile by Number Answered

Percent of People with Each Score

Your Score History

You have not taken this quiz